[Event "36th Reykjavik op"]
[Site "Reykjavik ISL"]
[Date "2023.04.04"]
[Round "9.51"]
[White "Papp, Sarah"]
[Black "Fouassier, Paul"]
[WhiteElo "2288"]
[BlackElo "1848"]
[Result "1-0"]
[EventDate "2023.03.29"]
[PlyCount "75"]

1. e4 Nf6 2. Nc3 d5 3. exd5 Nxd5 4. Nf3 Bg4 5. h3 Bh5 6. Nxd5 Qxd5 7. g4 Bg6 8. Bg2
Qe4+ 9. Kf1 Nc6 10. d3 Qa4 11. Be3 O-O-O 12. a3 h5 13. Nh4 Bh7 14. b3 Qa6 15. g5
Nd4 16. Kg1 Nf5 17. Nxf5 Bxf5 18. b4 e6 19. b5 Qa4 20. Qf3 Qxb5 21. a4 Qb2 22. Qd1
Qe5 23. Rb1 c6 24. Bxa7 Bc5 25. Bxc5 Qxc5 26. Qd2 Rd4 27. a5 Ra4 28. Bf3 Rxa5 29.
Kg2 h4 30. Rb4 Bg6 31. Rhb1 Bh5 32. Rxb7 Bxf3+ 33. Kxf3 Qd5+ 34. Ke2 Rb5 35. R1xb5
cxb5 36. Rxf7 e5 37. Qc3+ Kd8 38. Qc7+  1-0

[Event "36th Reykjavik op"]
[Site "Reykjavik ISL"]
[Date "2023.04.04"]
[Round "9.53"]
[White "Hnatyshyn, Anastasiia"]
[Black "Hjartarson, Johann"]
[WhiteElo "2114"]
[BlackElo "2478"]
[Result "0-1"]
[EventDate "2023.03.29"]
[PlyCount "48"]

1. e4 e5 2. Nf3 Nc6 3. Nc3 Nf6 4. d4 exd4 5. Nxd4 Bb4 6. Nxc6 bxc6 7. Bd3 d5 8. Bd2
O-O 9. O-O Rb8 10. Re1 Re8 11. a3 Bd6 12. Bg5 d4 13. Nb1 h6 14. Bh4 g5 15. Bg3 Bxg3
16. hxg3 Rxb2 17. Nd2 Rb8 18. f3 Kg7 19. Kf2 c5 20. Rh1 Qd6 21. Nc4 Qe6 22. Qd2 Ba6
23. Rxh6 Nxe4+ 24. fxe4 Qxh6  0-1

[Event "36th Reykjavik op"]
[Site "Reykjavik ISL"]
[Date "2023.04.04"]
[Round "9.54"]
[White "Yankelevich, Lev"]
[Black "Tulendinov, Dinmukhammed"]
[WhiteElo "2459"]
[BlackElo "2048"]
[Result "1-0"]
[EventDate "2023.03.29"]
[PlyCount "48"]

1. d4 d5 2. c4 c6 3. Nf3 Nf6 4. Nc3 a6 5. a4 e6 6. g3 Bb4 7. Bg2 O-O 8. O-O Nbd7
9. Qc2 Nb6 10. c5 Nbd7 11. Bf4 Ba5 12. Rab1 Re8 13. Rfe1 Bc7 14. Bxc7 Qxc7 15. e4
dxe4 16. Nxe4 Nxe4 17. Qxe4 Nf6 18. Qc2 Rd8 19. b4 Bd7 20. Ne5 Be8 21. Qb2 b5 22.
Ra1 Rab8 23. axb5 axb5 24. Ra2 Ra8  1-0

[Event "36th Reykjavik op"]
[Site "Reykjavik ISL"]
[Date "2023.04.04"]
[Round "9.55"]
[White "Laddha, Yash Jayesh"]
[Black "Pasti, Aron"]
[WhiteElo "2067"]
[BlackElo "2378"]
[Result "1/2-1/2"]
[EventDate "2023.03.29"]
[PlyCount "42"]

1. e4 e5 2. Nf3 Nc6 3. Bc4 Bc5 4. c3 Nf6 5. d3 d6 6. O-O Bb6 7. Nbd2 O-O 8. Bb3 a6
9. h3 Ne7 10. Re1 Ng6 11. Nf1 Nh5 12. d4 Nhf4 13. Be3 Qf6 14. N1h2 h5 15. Qd2 Be6
16. Bc2 Rfd8 17. Rad1 c5 18. Bb1 a5 19. Kh1 cxd4 20. cxd4 a4 21. Bxf4 Nxf4  1/2-1/2

[Event "36th Reykjavik op"]
[Site "Reykjavik ISL"]
[Date "2023.04.04"]
[Round "9.56"]
[White "Deatrick, Alexander"]
[Black "Pigott, John"]
[WhiteElo "2081"]
[BlackElo "2361"]
[Result "0-1"]
[EventDate "2023.03.29"]
[PlyCount "54"]

1. e4 c5 2. Nc3 d6 3. f4 g6 4. Nf3 Bg7 5. Bc4 Nc6 6. O-O e6 7. d4 cxd4 8. Nb5 a6
9. Nbxd4 Nxd4 10. Nxd4 Nf6 11. f5 d5 12. exd5 exf5 13. Bf4 O-O 14. Nf3 b5 15. Bb3
Bb7 16. d6 Nh5 17. Be3 Bxb2 18. Bd4 Ba3 19. g4 Nf4 20. Qd2 Qxd6 21. Rae1 Nh3+ 22.
Kg2 fxg4 23. c3 Nf4+ 24. Kg3 Nh5+ 25. Kxg4 Qd7+ 26. Kh4 Be7+ 27. Ng5 h6  0-1

[Event "36th Reykjavik op"]
[Site "Reykjavik ISL"]
[Date "2023.04.04"]
[Round "9.57"]
[White "Hari, Charan Sai Kalluri"]
[Black "Trimitzios, Petros"]
[WhiteElo "2066"]
[BlackElo "2358"]
[Result "0-1"]
[EventDate "2023.03.29"]
[PlyCount "84"]

1. Nf3 f5 2. g3 Nf6 3. d4 g6 4. Bg2 Bg7 5. O-O O-O 6. c4 d6 7. Nc3 c6 8. Rb1 Qe8
9. d5 c5 10. Ne1 Na6 11. Nd3 Bd7 12. Nf4 Nc7 13. a3 Rd8 14. b4 b6 15. h4 Ng4 16.
Qb3 Bf6 17. Nh3 e6 18. f3 Bd4+ 19. Kh1 Ne3 20. Bxe3 Bxe3 21. dxe6 Bxe6 22. Nd5 Bxd5
23. cxd5 f4 24. Rbd1 Nb5 25. Qd3 fxg3 26. f4 Nd4 27. Be4 Bf2 28. Nxf2 gxf2 29. Rxf2
Qe7 30. Rg1 Rde8 31. Bxg6 hxg6 32. Qxg6+ Kh8 33. Rg5 Qe4+ 34. Qxe4 Rxe4 35. Rfg2
Re7 36. e3 Nf5 37. e4 Nd4 38. f5 Rh7 39. R5g4 c4 40. Kg1 c3 41. Kf2 c2 42. Rg1 Nb3
 0-1

[Event "36th Reykjavik op"]
[Site "Reykjavik ISL"]
[Date "2023.04.04"]
[Round "9.58"]
[White "Pagan, Jonathan"]
[Black "Miller, Eduard"]
[WhiteElo "2042"]
[BlackElo "2354"]
[Result "1-0"]
[EventDate "2023.03.29"]
[PlyCount "79"]

1. e4 c5 2. Nf3 Nc6 3. Bb5 g6 4. O-O Bg7 5. Re1 e5 6. Bxc6 dxc6 7. d3 h6 8. Be3 b6
9. a3 g5 10. b4 g4 11. Nfd2 cxb4 12. axb4 Be6 13. Nc3 Ne7 14. Ra3 h5 15. Qa1 Nc8
16. b5 c5 17. Ne2 h4 18. Nf4 g3 19. fxg3 hxg3 20. h3 Bd7 21. Nf3 f6 22. Ng6 Rh5 23.
Qa2 Ne7 24. Nxe7 Kxe7 25. Rxa7 Rxa7 26. Qxa7 Bh6 27. Bxh6 Rxh6 28. Qb7 Qc8 29. Qxc8
Bxc8 30. c4 Kd6 31. Nd2 Rh7 32. Re3 Ra7 33. Rxg3 Ra2 34. Nf1 f5 35. Rg6+ Kc7 36.
Ne3 fxe4 37. Nd5+ Kd8 38. dxe4 Bb7 39. Rg8+ Kd7 40. Rg7+  1-0

[Event "36th Reykjavik op"]
[Site "Reykjavik ISL"]
[Date "2023.04.04"]
[Round "9.59"]
[White "Heimisson, Hilmir Freyr"]
[Black "Holand, Per Fredrik"]
[WhiteElo "2351"]
[BlackElo "2026"]
[Result "1-0"]
[EventDate "2023.03.29"]
[PlyCount "113"]

1. d4 Nf6 2. c4 g6 3. Nc3 Bg7 4. e4 d6 5. Nf3 O-O 6. Be2 Na6 7. O-O e5 8. Re1 Bg4
9. Be3 Bxf3 10. Bxf3 exd4 11. Bxd4 Nb4 12. e5 Ne8 13. a3 Nc6 14. Bxc6 bxc6 15. exd6
cxd6 16. Bxg7 Nxg7 17. Qd2 Re8 18. Rxe8+ Nxe8 19. Rd1 a5 20. Na4 Qh4 21. Qd4 Qxd4
22. Rxd4 Rb8 23. f3 f5 24. Kf2 Kf7 25. Ke3 Ke6 26. Kd2 Ke5 27. Rd3 f4 28. Kc3 Ng7
29. c5 d5 30. Nb6 Rb7 31. b4 axb4+ 32. Kxb4 Nf5 33. a4 Ne3 34. Rd2 Nc4 35. Re2+ Kd4
36. a5 Ne5 37. a6 Nd3+ 38. Ka5 Ra7 39. Na4 Nxc5 40. Nxc5 Kxc5 41. Rc2+ Kd4 42. Rxc6
Ke3 43. Kb6 Rxa6+ 44. Kxa6 d4 45. Re6+ Kf2 46. Re4 g5 47. Rxd4 Kxg2 48. h4 h6 49.
h5 Kxf3 50. Rd6 Kg4 51. Rxh6 f3 52. Kb5 Kf5 53. Rh8 g4 54. h6 f2 55. Rf8+ Kg6 56.
Rxf2 Kxh6 57. Rf5  1-0

[Event "36th Reykjavik op"]
[Site "Reykjavik ISL"]
[Date "2023.04.04"]
[Round "9.60"]
[White "Kakulidis, Ellen"]
[Black "Tamas, Gunes Ongut"]
[WhiteElo "2046"]
[BlackElo "2317"]
[Result "1/2-1/2"]
[EventDate "2023.03.29"]
[PlyCount "80"]

1. d4 Nf6 2. g3 c5 3. d5 b5 4. a4 b4 5. c4 bxc3 6. Nxc3 d6 7. Bg2 g6 8. Nf3 Bg7 9.
O-O O-O 10. Re1 Na6 11. e4 Nb4 12. h3 Ba6 13. Nb5 Nd7 14. Bf1 Bb7 15. Rb1 h6 16.
Bg2 c4 17. Bf1 Nd3 18. Bxd3 cxd3 19. Qxd3 Nc5 20. Qd1 a6 21. Nc3 Bc8 22. Kg2 Qd7
23. Ng1 Rb8 24. Be3 Nb3 25. Nb5 Nc5 26. Nc3 Rb4 27. Bxc5 dxc5 28. Qc2 Qc7 29. Na2
Rb8 30. Rec1 Qe5 31. f4 Qd4 32. Nc3 c4 33. Nf3 Qb6 34. Ne5 Bxe5 35. fxe5 Qd4 36.
Ne2 Qxe5 37. Qxc4 Rxb2 38. Rxb2 Qxb2 39. Rc2 Qb1 40. Rc1 Qb2  1/2-1/2

[Event "36th Reykjavik op"]
[Site "Reykjavik ISL"]
[Date "2023.04.04"]
[Round "9.61"]
[White "Ptacnikova, Lenka"]
[Black "Doluhanova, Evgeniya"]
[WhiteElo "2040"]
[BlackElo "2311"]
[Result "1-0"]
[EventDate "2023.03.29"]
[PlyCount "113"]

1. c4 Nf6 2. g3 g6 3. Bg2 Bg7 4. Nc3 O-O 5. Nf3 c6 6. d4 d5 7. cxd5 Nxd5 8. O-O Nb6
9. Bf4 N8d7 10. Qc1 Re8 11. Rd1 Nf8 12. Bh6 Bh8 13. Ne5 Be6 14. e4 Rc8 15. h4 Nc4
16. d5 cxd5 17. exd5 Bf5 18. Nxc4 Rxc4 19. Qe3 Qb6 20. Qe2 Rb4 21. Rd2 Qa6 22. Qxa6
bxa6 23. Re1 Rxb2 24. Rxb2 Bxc3 25. Rbe2 Bxe1 26. Rxe1 e5 27. Re3 Bc8 28. Rc3 Bd7
29. Rc7 Bb5 30. Rxa7 Nd7 31. d6 Nf6 32. Bg5 Kg7 33. Bxf6+ Kxf6 34. Bd5 Rf8 35. f3
g5 36. hxg5+ Kxg5 37. Rxf7 Rd8 38. Re7 Rxd6 39. Rxe5+ Kf6 40. f4 Bd3 41. g4 h6 42.
Kf2 Bc2 43. Kg3 Bg6 44. Kh4 a5 45. Bb3 a4 46. Rd5 Ra6 47. Bc4 Rb6 48. Ra5 Rb4 49.
Ra6+ Kg7 50. Rc6 Be8 51. Rc7+ Kf6 52. Kg3 Bg6 53. Rc6+ Kg7 54. Rc7+ Kf8 55. f5 Be8
56. f6 Bd7 57. a3  1-0

[Event "36th Reykjavik op"]
[Site "Reykjavik ISL"]
[Date "2023.04.04"]
[Round "9.62"]
[White "Jacobsen, Mikkel Manosri"]
[Black "Mehlhorn, David"]
[WhiteElo "2283"]
[BlackElo "2004"]
[Result "1-0"]
[EventDate "2023.03.29"]
[PlyCount "47"]

1. d4 d5 2. Nf3 Nf6 3. Bf4 c5 4. e3 Nc6 5. Nbd2 Qb6 6. dxc5 Qxb2 7. Rb1 Qc3 8. Bb5
g6 9. e4 dxe4 10. Be5 Qa5 11. O-O Bg7 12. Nd4 Bd7 13. Nc4 Qd8 14. Nxc6 Bxc6 15. Bxc6+
bxc6 16. Rb7 O-O 17. Qxd8 Rfxd8 18. Rxe7 Nd7 19. Bc7 Nxc5 20. Bxd8 Rxd8 21. Rxa7
Rd4 22. Ne3 f5 23. Rd1 f4 24. Rxg7+  1-0

[Event "36th Reykjavik op"]
[Site "Reykjavik ISL"]
[Date "2023.04.04"]
[Round "9.63"]
[White "Dishman, Stephen"]
[Black "Langlois-Remillard, Alexis"]
[WhiteElo "2274"]
[BlackElo "2001"]
[Result "1/2-1/2"]
[EventDate "2023.03.29"]
[PlyCount "45"]

1. d4 Nf6 2. Nf3 d5 3. c4 e6 4. g3 c6 5. Qc2 Nbd7 6. Bg2 Be7 7. O-O Ne4 8. Nfd2 f5
9. f3 Nef6 10. e4 e5 11. dxe5 Nxe5 12. exd5 cxd5 13. Re1 Qc7 14. b3 dxc4 15. Nxc4
Nxc4 16. Qxc4 Qxc4 17. bxc4 Kf7 18. Ba3 Re8 19. Bxe7 Rxe7 20. Rxe7+ Kxe7 21. f4 Be6
22. Nd2 Rd8 23. Nb3  1/2-1/2

[Event "36th Reykjavik op"]
[Site "Reykjavik ISL"]
[Date "2023.04.04"]
[Round "9.64"]
[White "Sahithi, Varshini M"]
[Black "George Samir, David"]
[WhiteElo "2262"]
[BlackElo "1993"]
[Result "0-1"]
[EventDate "2023.03.29"]
[PlyCount "94"]

1. e4 c5 2. Nf3 d6 3. Bb5+ Bd7 4. Bxd7+ Qxd7 5. c4 Nc6 6. d4 cxd4 7. Nxd4 g6 8. h3
Bg7 9. Be3 Nf6 10. Nc3 O-O 11. O-O a6 12. b3 Nxd4 13. Bxd4 b5 14. Qd3 bxc4 15. Qxc4
Qb7 16. Rac1 Rfd8 17. Bxf6 Bxf6 18. Nd5 Bb2 19. Rc2 Bg7 20. Qd3 e6 21. Rc7 Qb5 22.
Qf3 Rf8 23. a4 Qb8 24. Ne7+ Kh8 25. Rfc1 Qb6 26. Nc8 Qb4 27. e5 d5 28. Nd6 Bxe5 29.
Nxf7+ Kg8 30. Nh6+ Kh8 31. Rf7 Rac8 32. Rf1 Bf4 33. Qg4 Qe4 34. g3 Bxh6 35. Qxe4
dxe4 36. Re7 Rf6 37. Rd1 e3 38. fxe3 Bxe3+ 39. Kh1 Rcf8 40. h4 h6 41. Kg2 Bc5 42.
Rc7 Bb6 43. Rb7 Rd8 44. Rxd8+ Bxd8 45. b4 e5 46. Rd7 Bb6 47. Re7 Bd4  0-1

[Event "36th Reykjavik op"]
[Site "Reykjavik ISL"]
[Date "2023.04.04"]
[Round "9.65"]
[White "Maleki, Nicolas"]
[Black "Lindh, Fredrik"]
[WhiteElo "2018"]
[BlackElo "2259"]
[Result "1/2-1/2"]
[EventDate "2023.03.29"]
[PlyCount "76"]

1. e4 c5 2. Nf3 Nc6 3. d4 cxd4 4. Nxd4 Nf6 5. Nc3 e5 6. Ndb5 d6 7. Bg5 a6 8. Na3
b5 9. Nd5 Be7 10. Bxf6 Bxf6 11. c4 b4 12. Nc2 O-O 13. g3 a5 14. h4 Be7 15. Bg2 Be6
16. O-O Rb8 17. b3 Qd7 18. Qd3 Rfd8 19. Rad1 Qa7 20. Kh2 Rd7 21. Bh3 Bd8 22. Rd2
Bb6 23. Nxb6 Qxb6 24. Rfd1 Nd8 25. Qe3 Qxe3 26. Nxe3 Nb7 27. f3 Rbd8 28. Nd5 Kf8
29. Bxe6 fxe6 30. Nb6 Rc7 31. Na4 Ke7 32. Kg2 Nc5 33. Nxc5 Rxc5 34. Kf2 a4 35. Ke3
axb3 36. axb3 Ra5 37. Rd3 Rd7 38. R1d2 Rd8  1/2-1/2

[Event "36th Reykjavik op"]
[Site "Reykjavik ISL"]
[Date "2023.04.04"]
[Round "9.67"]
[White "Verweij, Kees"]
[Black "Large, Peter G"]
[WhiteElo "2010"]
[BlackElo "2227"]
[Result "0-1"]
[EventDate "2023.03.29"]
[PlyCount "88"]

1. d4 e6 2. Bf4 Nf6 3. e3 c5 4. c3 b6 5. Nf3 Bb7 6. Nbd2 Be7 7. h3 O-O 8. Bd3 cxd4
9. exd4 d6 10. Qe2 a6 11. a4 Nbd7 12. O-O Re8 13. Nc4 Qc7 14. Rfe1 Bf8 15. Rad1 Qc6
16. Qc2 g6 17. Ra1 Rac8 18. Rad1 Qc7 19. Qe2 Qc6 20. Qc2 Nd5 21. Bg3 N7f6 22. Ne3
Bh6 23. Ra1 Nxe3 24. fxe3 Nd5 25. Qf2 f5 26. e4 fxe4 27. Bxe4 Qd7 28. Kh1 Rf8 29.
Qe2 Bf4 30. Bh2 Bxh2 31. Kxh2 Rf4 32. c4 Nc3 33. bxc3 Rxe4 34. Qd3 Qc6 35. Qxe4 Qxe4
36. Rxe4 Bxe4 37. Ng5 Bd3 38. Nxe6 Rxc4 39. Ra3 Bc2 40. a5 b5 41. Kg3 Ra4 42. Rxa4
bxa4 43. d5 a3 44. Nd4 Ba4  0-1

[Event "36th Reykjavik op"]
[Site "Reykjavik ISL"]
[Date "2023.04.04"]
[Round "9.68"]
[White "Dieu, Bruno"]
[Black "Thorsteinsdottir, Hallgerdur"]
[WhiteElo "2219"]
[BlackElo "1978"]
[Result "1-0"]
[EventDate "2023.03.29"]
[PlyCount "49"]

1. d4 Nf6 2. c4 e6 3. Nc3 Bb4 4. e3 O-O 5. Bd3 d5 6. Nf3 b6 7. O-O Bb7 8. a3 Be7
9. cxd5 exd5 10. b4 a6 11. Bb2 Nbd7 12. Ne5 Bd6 13. f4 Ne4 14. Nxe4 dxe4 15. Bc4
Nf6 16. Rc1 Nd5 17. Qb3 Be7 18. b5 axb5 19. Bxb5 Qd6 20. Bc6 Bxc6 21. Rxc6 Qd8 22.
Rfc1 Ra7 23. R6c2 Qd6 24. Nc6 Rb7 25. Qxd5  1-0

[Event "36th Reykjavik op"]
[Site "Reykjavik ISL"]
[Date "2023.04.04"]
[Round "9.69"]
[White "Townsend, M. Paul"]
[Black "Gudmundsson, Gunnar Erik"]
[WhiteElo "2209"]
[BlackElo "1961"]
[Result "1-0"]
[EventDate "2023.03.29"]
[PlyCount "87"]

1. Nf3 Nf6 2. c4 e6 3. g3 d5 4. Bg2 dxc4 5. Na3 c5 6. Nxc4 Nc6 7. O-O Be7 8. b3 O-O
9. Bb2 Qc7 10. Nfe5 Bd7 11. Nxd7 Qxd7 12. d3 Rac8 13. Rc1 Nd5 14. Qd2 Rfd8 15. Rfd1
b5 16. Na5 Nb8 17. a3 Na6 18. d4 Qe8 19. Nb7 Rd7 20. Nxc5 Nxc5 21. dxc5 Bxc5 22.
Qg5 f6 23. Qh4 Nb6 24. Be4 f5 25. Bd3 Rdc7 26. Qf4 Nd5 27. Qe5 Nf6 28. h3 a6 29.
b4 Bb6 30. Rxc7 Bxc7 31. Qe3 Qf7 32. Qa7 f4 33. Qxa6 Rf8 34. g4 f3 35. exf3 Nd5 36.
Be4 Nf4 37. Qxb5 Nxh3+ 38. Kf1 Rd8 39. Rxd8+ Bxd8 40. Qh5 Qxh5 41. gxh5 Nf4 42. Bd4
Nd5 43. Bxd5 exd5 44. a4  1-0

[Event "36th Reykjavik op"]
[Site "Reykjavik ISL"]
[Date "2023.04.04"]
[Round "9.70"]
[White "Fuchs, Elmar"]
[Black "Nielsen, Andre"]
[WhiteElo "1973"]
[BlackElo "2201"]
[Result "1/2-1/2"]
[EventDate "2023.03.29"]
[PlyCount "105"]

1. d4 d5 2. Nc3 Nc6 3. e4 dxe4 4. d5 Nb8 5. f3 e5 6. Bb5+ c6 7. dxc6 Qxd1+ 8. Nxd1
bxc6 9. Ba4 Nf6 10. Bg5 exf3 11. Nxf3 Nfd7 12. c3 Nc5 13. Bc2 Ba6 14. Nf2 Nbd7 15.
Be3 Ne6 16. Be4 Bb7 17. O-O-O g6 18. Rhe1 f6 19. Bc2 Bc5 20. Bb3 Bxe3+ 21. Rxe3 Nec5
22. Bc4 Ke7 23. b4 Na4 24. Red3 Rhd8 25. Ne4 Ndb6 26. Rxd8 Rxd8 27. Rxd8 Kxd8 28.
Bg8 Ke7 29. Bxh7 f5 30. Nc5 Nxc5 31. bxc5 Nd7 32. Bxg6 Kf6 33. Be8 Nxc5 34. h4 Ne6
35. g3 Ng7 36. Bd7 Ke7 37. Nxe5 Kd6 38. Bxc6 Bxc6 39. Nxc6 Kxc6 40. Kd2 Nh5 41. Ke3
Kd5 42. Kf3 Nf6 43. Kf4 Ke6 44. c4 a5 45. c5 Nh5+ 46. Kf3 Kd5 47. g4 Ng7 48. gxf5
Nxf5 49. h5 Kxc5 50. Kf4 Nh6 51. Kg5 Nf7+ 52. Kf6 Nh6 53. Kg5  1/2-1/2

[Event "36th Reykjavik op"]
[Site "Reykjavik ISL"]
[Date "2023.04.04"]
[Round "9.71"]
[White "Kukavica, Tony"]
[Black "Melzner, Lukas"]
[WhiteElo "1981"]
[BlackElo "2199"]
[Result "0-1"]
[EventDate "2023.03.29"]
[PlyCount "122"]

1. d4 e6 2. c4 Nf6 3. Bf4 Bb4+ 4. Nd2 c5 5. dxc5 Bxc5 6. e3 Nc6 7. Ngf3 O-O 8. Be2
d5 9. O-O Qe7 10. Nb3 Rd8 11. Nxc5 Qxc5 12. Qc1 Bd7 13. cxd5 Qxc1 14. Raxc1 Nxd5
15. Bg3 Rac8 16. Rfd1 Be8 17. Ne5 Nce7 18. h3 Ba4 19. b3 Be8 20. Bf1 f6 21. Rxc8
Rxc8 22. Nc4 Bh5 23. Re1 e5 24. Nd6 Rc2 25. Bc4 Kf8 26. Nxb7 Rxa2 27. Nd8 Nb6 28.
Ne6+ Kf7 29. Nd8+ Ke8 30. Ne6 Nf5 31. Bh2 Nxc4 32. bxc4 Kd7 33. Nc5+ Kc6 34. Nd3
Rd2 35. Nb4+ Kc5 36. Na6+ Kb6 37. Nb4 Nd6 38. Rc1 Rd1+ 39. Rxd1 Bxd1 40. Kf1 Nxc4
41. f4 Nxe3+ 42. Ke1 exf4 43. g3 Kb5 44. Na2 Bb3 45. Nc1 fxg3 46. Bxg3 Bc4 47. Bf2
Ng2+ 48. Kd2 a5 49. Kc3 a4 50. Kb2 Nf4 51. h4 g5 52. hxg5 fxg5 53. Bg3 h5 54. Ka3
h4 55. Bh2 Nd5 56. Kb2 g4 57. Bd6 g3 58. Bb8 Ne3 59. Kc3 Nf5 60. Kd2 h3 61. Bxg3
Nxg3  0-1

[Event "36th Reykjavik op"]
[Site "Reykjavik ISL"]
[Date "2023.04.04"]
[Round "9.72"]
[White "Knudsen, Martin"]
[Black "Leonard, Timo"]
[WhiteElo "1969"]
[BlackElo "2196"]
[Result "1/2-1/2"]
[EventDate "2023.03.29"]
[PlyCount "115"]

1. d4 d5 2. c4 c6 3. e3 Nf6 4. Nf3 e6 5. Nbd2 dxc4 6. Bxc4 c5 7. O-O Nc6 8. Nb3 cxd4
9. Nbxd4 Nxd4 10. Nxd4 Be7 11. b3 O-O 12. Qe2 e5 13. Nc2 e4 14. Rd1 Qa5 15. Bb2 Qg5
16. Kh1 Qh4 17. f3 b5 18. Bd5 Nxd5 19. Rxd5 Be6 20. Rd2 Rad8 21. Rad1 a6 22. Ba3
Bxa3 23. Nxa3 Rxd2 24. Rxd2 g5 25. Nc2 Rc8 26. Qf2 Qxf2 27. Rxf2 Bd5 28. f4 gxf4
29. exf4 Rc3 30. h3 a5 31. Rd2 Rd3 32. Re2 b4 33. Kg1 f5 34. Kf2 Kf7 35. Ne3 Ke6
36. g4 fxg4 37. hxg4 a4 38. bxa4 Ra3 39. Nc2 Rxa4 40. Ke3 Bxa2 41. Nxb4 Bc4 42. Rb2
h5 43. Kd4 Bd3 44. gxh5 Kf5 45. h6 Kg6 46. Ke3 Kxh6 47. Nxd3 exd3 48. Rd2 Ra3 49.
Rxd3 Rxd3+ 50. Kxd3 Kg6 51. Ke4 Kf6 52. f5 Kf7 53. Ke5 Ke7 54. f6+ Kf7 55. Kf5 Kf8
56. Ke6 Ke8 57. f7+ Kf8 58. Kf6  1/2-1/2

[Event "36th Reykjavik op"]
[Site "Reykjavik ISL"]
[Date "2023.04.04"]
[Round "9.73"]
[White "Biedenkopf, Philipp"]
[Black "Terhuven, Patrick"]
[WhiteElo "1959"]
[BlackElo "2180"]
[Result "0-1"]
[EventDate "2023.03.29"]
[PlyCount "84"]

1. d4 d5 2. c4 e6 3. Nf3 Nf6 4. g3 Bb4+ 5. Bd2 Be7 6. Bg2 O-O 7. O-O c6 8. Qc2 Nbd7
9. Rd1 b6 10. Bf4 Bb7 11. Na3 Rc8 12. Qa4 a6 13. Ne5 b5 14. cxb5 axb5 15. Qa7 Qb6
16. Qxb6 Nxb6 17. Nc2 Ra8 18. Nd3 Rfc8 19. Rdc1 Nc4 20. b3 Nb6 21. h3 Nfd7 22. Be3
f6 23. Bf3 Kf7 24. Kg2 f5 25. h4 g6 26. Bg5 Bf8 27. Be3 Bg7 28. h5 Bf6 29. hxg6+
hxg6 30. Rh1 g5 31. g4 f4 32. Bd2 c5 33. e3 c4 34. Ne5+ Nxe5 35. dxe5 Bxe5 36. Rh7+
Kg8 37. Rxb7 Bxa1 38. Nxa1 Rxa2 39. bxc4 Nxc4 40. Bc3 Nxe3+ 41. Kh3 Rxc3 42. fxe3
Rxe3  0-1

[Event "36th Reykjavik op"]
[Site "Reykjavik ISL"]
[Date "2023.04.04"]
[Round "9.74"]
[White "Ruiz Buendia, Miguel"]
[Black "Kee, Steve"]
[WhiteElo "2172"]
[BlackElo "1919"]
[Result "1-0"]
[EventDate "2023.03.29"]
[PlyCount "139"]

1. e4 c5 2. Nf3 g6 3. c3 Nf6 4. e5 Nd5 5. d4 cxd4 6. Qxd4 Nb6 7. Qh4 Nc6 8. a4 d5
9. a5 Nd7 10. e6 fxe6 11. Bh6 Nf6 12. Bb5 Qd6 13. Bf4 Qc5 14. Bd3 e5 15. Nxe5 Nxe5
16. Bxe5 Bg7 17. Nd2 O-O 18. Nb3 Qc6 19. Nd4 Qd7 20. h3 Nh5 21. Qg5 Bxe5 22. Qxe5
Nf4 23. Bf1 Rf6 24. Rd1 Qd8 25. b4 a6 26. c4 Qd6 27. Qxd6 Rxd6 28. g3 Ne6 29. cxd5
Nxd4 30. Rxd4 Be6 31. Bg2 Rad8 32. O-O Bxd5 33. Rfd1 e6 34. Rc1 Bxg2 35. Rxd6 Rxd6
36. Kxg2 Rd7 37. Kf3 Kf7 38. Ke4 Kf6 39. f4 h6 40. Rc8 Rd5 41. Rc5 Rd6 42. b5 axb5
43. Rxb5 Rd7 44. g4 Rc7 45. h4 Rc4+ 46. Ke3 Rc7 47. Kd4 Ke7 48. Ke5 Rd7 49. Rc5 Kf7
50. Ke4 Ke7 51. h5 Kd6 52. Rb5 gxh5 53. Rxh5 Rg7 54. Kf3 Rg6 55. Rb5 Rg7 56. Kg3
Kc6 57. Re5 Kd6 58. Kh4 Rf7 59. Kg3 Rg7 60. Rb5 Kc6 61. Rh5 Rg6 62. Kf3 Rf6 63. Ke4
Rg6 64. Ke5 Kb5 65. f5 exf5 66. gxf5 Rg1 67. f6 Re1+ 68. Kd6+ Kb4 69. f7 Rf1 70.
Ke6  1-0

[Event "36th Reykjavik op"]
[Site "Reykjavik ISL"]
[Date "2023.04.04"]
[Round "9.75"]
[White "Johannsson, Birkir Isak"]
[Black "Goh, Jinghan Cameron"]
[WhiteElo "2171"]
[BlackElo "1899"]
[Result "1-0"]
[EventDate "2023.03.29"]
[PlyCount "69"]

1. d4 Nf6 2. c4 e6 3. Nc3 c5 4. d5 exd5 5. cxd5 d6 6. e4 g6 7. f4 Bg7 8. Bb5+ Nfd7
9. a4 O-O 10. Nf3 Re8 11. O-O Na6 12. Re1 Nb4 13. h3 a6 14. Bc4 b6 15. Be3 Bb7 16.
Bf2 h6 17. Qd2 Qc7 18. Rad1 Kh7 19. Bg3 f6 20. h4 Rad8 21. h5 g5 22. e5 dxe5 23.
fxg5 fxg5 24. d6 Qc8 25. Nxg5+ hxg5 26. Qxg5 Rg8 27. Qg6+ Kh8 28. Ne4 Nf8 29. Qf7
Nh7 30. h6 Rdf8 31. hxg7+ Rxg7 32. Qh5 Nc6 33. d7 Qc7 34. Rf1 Rd8 35. Qe8+  1-0

[Event "36th Reykjavik op"]
[Site "Reykjavik ISL"]
[Date "2023.04.04"]
[Round "9.76"]
[White "Pandey, Srishti"]
[Black "Frank, Anton"]
[WhiteElo "2156"]
[BlackElo "1857"]
[Result "1-0"]
[EventDate "2023.03.29"]
[PlyCount "83"]

1. d4 Nf6 2. c4 g6 3. Nc3 Bg7 4. e4 d6 5. h3 O-O 6. Be3 e5 7. d5 Na6 8. g4 Nc5 9.
f3 a5 10. Qd2 h5 11. Nge2 h4 12. Nc1 c6 13. Nd3 Nxd3+ 14. Bxd3 cxd5 15. cxd5 Bd7
16. Qf2 Nh7 17. Nb5 Qe7 18. Rc1 Rac8 19. O-O Bf6 20. Na7 Rxc1 21. Rxc1 Bg5 22. Rc7
Bxe3 23. Qxe3 Rb8 24. Bb5 Nf8 25. Qb6 Rd8 26. Rxb7 Qg5 27. Bf1 Qf4 28. Qf2 g5 29.
Nc6 Ra8 30. b3 Qc1 31. Ne7+ Kh7 32. Qb6 Qf4 33. Nf5 Bxf5 34. Rxf7+ Kg8 35. Rxf5 Qg3+
36. Kh1 Rc8 37. Qb7 Qf2 38. Rxg5+ Ng6 39. Rxg6+ Kf8 40. Qg7+ Ke8 41. Re6+ Kd8 42.
Qe7#  1-0

[Event "36th Reykjavik op"]
[Site "Reykjavik ISL"]
[Date "2023.04.04"]
[Round "9.77"]
[White "Van Staden, Mildo"]
[Black "Kracht, Raphael"]
[WhiteElo "1856"]
[BlackElo "2145"]
[Result "0-1"]
[EventDate "2023.03.29"]
[PlyCount "38"]

1. e4 e5 2. d4 exd4 3. Qxd4 Nc6 4. Qe3 Nf6 5. Nc3 Bb4 6. Bd2 O-O 7. f4 d5 8. e5 d4
9. Qd3 Ng4 10. Ne4 Ne3 11. c3 Nxf1 12. cxb4 Nxd2 13. Qxd2 Qd5 14. Ng3 f6 15. Nf3
fxe5 16. fxe5 Bg4 17. O-O Bxf3 18. Rxf3 Rxf3 19. gxf3 Nxe5  0-1

[Event "36th Reykjavik op"]
[Site "Reykjavik ISL"]
[Date "2023.04.04"]
[Round "9.79"]
[White "Adams, Henry"]
[Black "Wecker, Martin"]
[WhiteElo "1859"]
[BlackElo "2144"]
[Result "1/2-1/2"]
[EventDate "2023.03.29"]
[PlyCount "74"]

1. e4 e5 2. Nf3 Nf6 3. d4 Nxe4 4. Bd3 d5 5. Nxe5 Nd7 6. O-O Nxe5 7. dxe5 Be7 8. c4
c6 9. cxd5 Qxd5 10. Qe2 Nc5 11. Bc2 Be6 12. Nc3 Qc4 13. Qf3 O-O 14. Be3 Qg4 15. Qxg4
Bxg4 16. h3 Be6 17. Rfd1 Rfd8 18. f4 Bc4 19. Ne4 Nxe4 20. Bxe4 f6 21. b3 Bf7 22.
Kf2 fxe5 23. fxe5 Be6 24. Ke2 Rxd1 25. Rxd1 a5 26. Bd3 a4 27. Bc4 Bxc4+ 28. bxc4
Kf7 29. Rd7 b5 30. cxb5 cxb5 31. Rb7 Ke6 32. Rxb5 Rc8 33. Kd3 Rc6 34. Ra5 a3 35.
Ke4 Rc2 36. Ra6+ Kf7 37. Ra7 Ke6  1/2-1/2

[Event "36th Reykjavik op"]
[Site "Reykjavik ISL"]
[Date "2023.04.04"]
[Round "9.81"]
[White "Qiu, Andrew Yu"]
[Black "Heldenbergh, Nils"]
[WhiteElo "1646"]
[BlackElo "2141"]
[Result "0-1"]
[EventDate "2023.03.29"]
[PlyCount "52"]

1. e4 c5 2. Nf3 Nc6 3. d4 cxd4 4. Nxd4 Nf6 5. Nc3 e5 6. Ndb5 d6 7. Be3 a6 8. Na3
b5 9. Nd5 Nxd5 10. exd5 Ne7 11. c4 Nf5 12. Qd2 Nxe3 13. fxe3 bxc4 14. Nxc4 Rb8 15.
Rc1 g6 16. Na5 Qh4+ 17. g3 Qa4 18. b3 Qd7 19. Rc6 Bh6 20. Nc4 O-O 21. Nxd6 a5 22.
Qxa5 Bxe3 23. Qc7 Qg4 24. Rc4 Qf3 25. Ne4 Bg4 26. Rc1 Qxe4  0-1